طرق التدريس ووسائله وتقنياته : وسائل التعلم والتعليم

Bibliographic Details
Main Author: ابراهيم، فراس (Author)
Format: Book
Language:Arabic
Published: Amman : Dar Usamah , 2005
Edition:الطبعة 1
Subjects:

MARC

LEADER 00000cam a2200000 7i4500
001 0000082821
005 20221012093000.0
008 130515s2005 jo ara
050 0 0 |a LB1028.35   |b .I273 2005 
090 0 0 |a LB1028.35   |b .I273 2005 
100 1 |a ابراهيم، فراس ,   |e author 
241 1 0 |a Turuq al-tadris wa-wasa'ilihi wa-taqniyyatihi: wasa'il al-ta'allum wa-al-ta'lim 
245 1 0 |a طرق التدريس ووسائله وتقنياته :   |b وسائل التعلم والتعليم   |c فراس ابراهيم 
250 |a الطبعة 1 
260 |a Amman :   |b Dar Usamah ,   |c 2005 
300 |a 216 p. ;   |c 24 cm. 
504 |a Includes bibliographical references (p. 209-216) 
650 0 |a Instructional systems 
650 0 |a Instructional systems   |x Design 
650 0 |a Instructional systems   |x Planning 
999 |a 1000156131   |b Book   |c OPEN SHELF (30 DAYS)   |e Gong Badak Campus